M1グランプリ 歴代決勝審査員 - Statistics

General Stats
  • This quiz has been taken 139 times
    79 since last reset
  • The average score is 20 of 37
Answer Stats
出演年 名前 % Correct
2001〜2003,2005〜2010,2016〜2023 松本人志
97%
2015〜2025 中川家・礼二
83%
2001〜2003,2005〜2010 島田紳助
82%
2007〜2009,2016〜2021 上沼恵美子
80%
2015,2018〜2023 富澤たけし(サンドウィッチマン)
79%
2018〜2022 立川志らく
79%
2016,2017,2022〜2025 博多大吉
76%
2007〜2009,2016〜2021 オール巨人
74%
2015,2024,2025 哲夫(笑い飯)
73%
2023〜2025 海原ともこ
71%
2018〜2025 塙宣之(ナイツ)
70%
2022,2023 山田邦子
70%
2024,2025 山内健司(かまいたち)
70%
2024 若林正恭(オードリー)
67%
2002 立川談志
64%
2024,2025 柴田英嗣(アンタッチャブル)
64%
2025 後藤輝基(フットボールアワー)
62%
2025 駒場孝(ミルクボーイ)
61%
2015,2024 石田明(NON STYLE)
59%
2015 岩尾望(フットボールアワー)
58%
2015 徳井義実(チュートリアル)
53%
2002〜2010 中田カウス
50%
2015 吉田敬(ブラックマヨネーズ)
50%
2015 佐藤哲夫(パンクブーブー)
50%
2015 増田英彦(ますだおかだ)
44%
2010 宮迫博之
41%
2002〜2008 大竹まこと
38%
2005,2006,2008〜2010,2017 渡辺正行
38%
2001,2004 西川きよし
36%
2003,2004,2006,2010 南原清隆
36%
2001,2004,2017 春風亭小朝
32%
2001〜2005,2007 ラサール石井
30%
2010 大竹一樹
27%
2002〜2006 島田洋七
26%
2001 青島幸男
24%
2009 東国原英夫
17%
2001 鴻上尚史
15%
No matching quizzes found
Score Distribution
Percent of People with Each Score
Percentile by Number Answered
Your Score History
You have not taken this quiz since the last reset